[Event "CZE-chT2d 0405"]
[Site "Czech Republic"]
[Date "2005.??.??"]
[Round "8"]
[White "Fuchs, Ludek"]
[Black "Sykora, Karel"]
[Result "1/2-1/2"]
[WhiteElo "2095"]
[BlackElo "2115"]
[PlyCount "81"]
[EventDate "2004.10.??"]
[EventType "team"]
[EventRounds "11"]
[EventCountry "CZE"]
[SourceTitle "EXT 2007"]
[Source "ChessBase"]
[SourceDate "2006.11.23"]
[SourceVersion "1"]
[SourceVersionDate "2006.11.23"]
[SourceQuality "1"]

1. d4 Nf6 2. c4 g6 3. Nc3 Bg7 4. e4 d6 5. f3 0-0 6. Be3 e5 7. Nge2 Nh5 8. g4 Nf4 9. Nxf4 exf4 10. Bxf4 Nc6 11. Be3 Re8 12. Qd2 Qh4+ 13. Bf2 Qf6 14. Be2 Nxd4 15. Bxd4 Qxd4 16. Qxd4 Bxd4 17. Nd5 Rd8 18. 0-0-0 c5 19. h4 Be6 20. Nc7 Rac8 21. Nb5 Be5 22. Kc2 a6 23. Nc3 h6 24. Bd3 Rb8 25. a4 b6 26. b3 Kg7 27. Ne2 Bf6 28. Rdg1 g5 29. Ng3 Be5 30. Nh5+ Kf8 31. Ng3 Ke7 32. Nf5+ Bxf5 33. exf5 Rh8 34. hxg5 hxg5 35. Be4 f6 36. Bd5 Rh4 37. Rxh4 gxh4 38. Rf1 Bg3 39. f4 b5 40. g5 bxa4 41. bxa4 1/2-1/2